[Event "Madrid-ch Seniors 65+"]
[Site "Madrid"]
[Date "2022.04.18"]
[Round "1"]
[White "Conchillo Roman, Jose Ignacio"]
[Black "Camarero Izquierdo, Juan Carlos"]
[Result "0-1"]
[WhiteElo "1490"]
[BlackElo "1829"]
[PlyCount "44"]
[EventDate "2022.04.18"]
[EventType "swiss"]
[EventRounds "7"]
[EventCountry "ESP"]
[SourceTitle "EXT 2023"]
[Source "ChessBase"]
[SourceDate "2022.10.05"]
[SourceVersion "1"]
[SourceVersionDate "2022.10.05"]
[SourceQuality "1"]

1. e4 c5 2. d4 cxd4 3. c3 dxc3 4. Nxc3 e6 5. Nf3 Bb4 6. Bd3 Nf6 7. 0-0 h6 8. Bf4 0-0 9. Nb5 d6 10. Rc1 Nc6 11. a3 a6 12. axb4 axb5 13. Bxb5 Nxe4 14. Bxc6 bxc6 15. Rxc6 d5 16. Nd2 Ba6 17. Re1 Bb5 18. Rc1 f5 19. Re3 Qf6 20. Nb3 Ra2 21. Rh3 Rxb2 22. f3 Nf2 0-1

[Event "Madrid San Viator op-A 30th"]
[Site "Madrid"]
[Date "2018.05.27"]
[Round "7"]
[White "Conchillo Roman, Jose Ignacio"]
[Black "Herranz Suarez, David"]
[Result "1-0"]
[WhiteElo "1553"]
[BlackElo "1472"]
[PlyCount "71"]
[EventDate "2018.04.08"]
[EventType "swiss"]
[EventRounds "9"]
[EventCountry "ESP"]
[SourceTitle "EXT 2019"]
[Source "ChessBase"]
[SourceDate "2018.10.10"]
[SourceVersion "1"]
[SourceVersionDate "2018.10.10"]
[SourceQuality "1"]

1. f4 c5 2. Nf3 Nc6 3. e3 d5 4. b3 Nf6 5. Bb2 Bf5 6. Be2 e6 7. 0-0 Be7 8. d3 0-0 9. Ne5 h6 10. Bf3 Qb6 11. Nd2 Rab8 12. Kh1 Rfd8 13. Qe2 Rbc8 14. g4 Bh7 15. g5 hxg5 16. Nxf7 gxf4 17. Nxd8 Rxd8 18. exf4 Bf5 19. Rg1 Bf8 20. Be5 Nxe5 21. fxe5 Nd7 22. Bg4 Re8 23. Raf1 Bh7 24. Nf3 Re7 25. Ng5 g6 26. Nf3 Rg7 27. c3 Be7 28. h4 Nf8 29. Ng5 Qc6 30. d4 b6 31. Rf4 b5 32. Rgf1 c4 33. Rxf8+ Bxf8 34. Bxe6+ Kh8 35. Rxf8+ Bg8 36. Qf3 1-0

[Event "Madrid San Viator op-A 30th"]
[Site "Madrid"]
[Date "2018.05.20"]
[Round "6"]
[White "Tudela Garcia, Antonio"]
[Black "Conchillo Roman, Jose Ignacio"]
[Result "1/2-1/2"]
[WhiteElo "1562"]
[BlackElo "1553"]
[PlyCount "43"]
[EventDate "2018.04.08"]
[EventType "swiss"]
[EventRounds "9"]
[EventCountry "ESP"]
[SourceTitle "EXT 2019"]
[Source "ChessBase"]
[SourceDate "2018.10.10"]
[SourceVersion "1"]
[SourceVersionDate "2018.10.10"]
[SourceQuality "1"]

1. e4 d6 2. Bc4 Nf6 3. Qf3 Nc6 4. Bb5 Bd7 5. c3 e5 6. d3 Ne7 7. Bxd7+ Nxd7 8. Ne2 Ng6 9. 0-0 Be7 10. d4 0-0 11. Ng3 Bg5 12. Bxg5 Qxg5 13. Qf5 Qe7 14. Nd2 Nf4 15. Qg4 Nf6 16. Nf5 Nxg4 17. Nxe7+ Kh8 18. dxe5 Nxe5 19. Nd5 Nxd5 20. exd5 Nd3 21. Nc4 Rfe8 22. Ne3 1/2-1/2